Biometric Caller Identification / (Record no. 217258)

000 -LEADER
fixed length control field 00745 a2200193 4500
003 - CONTROL NUMBER IDENTIFIER
control field NUST
005 - DATE AND TIME OF LATEST TRANSACTION
control field 20251219144530.0
040 ## - CATALOGING SOURCE
Transcribing agency Nust
082 ## - DEWEY DECIMAL CLASSIFICATION NUMBER
Classification number 621.382,SAE
100 ## - MAIN ENTRY--PERSONAL NAME
Personal name Saeed, Usman. (TE-48)
9 (RLIN) 132510
245 ## - TITLE STATEMENT
Title Biometric Caller Identification /
Statement of responsibility, etc. CSUO Usman Saeed, GC Shan ul Hassan, GC Abeer Ansari and FC Muhammad Ramadan
260 ## - PUBLICATION, DISTRIBUTION, ETC.
Place of publication, distribution, etc. Rawalpindi
Name of publisher, distributor, etc. MCS (NUST)
Date of publication, distribution, etc. May 2015
300 ## - PHYSICAL DESCRIPTION
Extent v,103 p.;
505 ## - FORMATTED CONTENTS NOTE
Formatted contents note Introduction (Page-6), Literature Review (Page-14), Design and Development (Page-18), Project Analysis and Evaluation (Page-25), Recommendation for Future Work (Page-29), Conclusion (Page-31).
650 ## - SUBJECT ADDED ENTRY--TOPICAL TERM
Topical term or geographic name entry element UG Project
9 (RLIN) 131132
651 ## - SUBJECT ADDED ENTRY--GEOGRAPHIC NAME
Geographic name TE-48
700 ## - ADDED ENTRY--PERSONAL NAME
Personal name Supervised by Dr. Tayyab ALi
9 (RLIN) 132511
942 ## - ADDED ENTRY ELEMENTS (KOHA)
Koha item type Project Report
Source of classification or shelving scheme
Holdings
Withdrawn status Lost status Source of classification or shelving scheme Damaged status Not for loan Permanent Location Current Location Shelving location Date acquired Full call number Barcode Date last seen Price effective from Koha item type Public note
          Military College of Signals (MCS) Military College of Signals (MCS) Reference 12/12/2016 621.382,SAE MCSPTC-265 12/08/2016 12/12/2016 Project Report Almirah No. 94, Shelf No. 5
© 2023 Central Library, National University of Sciences and Technology. All Rights Reserved.